Hippocrates Repurgatus ή όταν ο Αδαμάντιος Κοραής μελετούσε τον Ιπποκράτη
Αποθηκεύτηκε σε:
| Κύριος συγγραφέας: | |
|---|---|
| Άλλοι συγγραφείς: | |
| Μορφή: | Βιβλίο |
| Γλώσσα: | Greek |
| Δημοσίευση: |
Χίος :
Ομήρειο Πνευματικό Κέντρο Δήμου Χίου,
2007
|
| Θέματα: | |
| Ετικέτες: |
Προσθήκη ετικέτας
Δεν υπάρχουν, Καταχωρήστε ετικέτα πρώτοι!
|
MARC
| LEADER | 00000cam a2200000 i 4500 | ||
|---|---|---|---|
| 001 | 1/75505 | ||
| 008 | 080222s2007 gre d | ||
| 020 | |a 978-960-86604-8-9 | ||
| 035 | |l 10094934 | ||
| 040 | |a GR-MY-UA |b gre |e aacr | ||
| 041 | 0 | |a gre | |
| 082 | 0 | |a 880.9 |2 (22) | |
| 100 | 1 | |a Καλοσπύρος, Νικόλαος Α. | |
| 245 | 1 | 0 | |a Hippocrates Repurgatus ή όταν ο Αδαμάντιος Κοραής μελετούσε τον Ιπποκράτη / |c Νικόλαος Α. Ε. Καλοσπύρος ; πρόλογος Στερ. Φασουλάκης |
| 260 | |a Χίος : |b Ομήρειο Πνευματικό Κέντρο Δήμου Χίου, |c 2007 | ||
| 300 | |a 101 σ.; |c 24 εκ. | ||
| 504 | |a Περιλαμβάνει βιβλιογραφίες | ||
| 600 | 1 | 0 | |a Κοραής, Αδαμάντιος, |d 1748-1833. |
| 650 | 0 | 0 | |a Classical literature. |
| 700 | 1 | |a Φασουλάκης, Στέργιος. |4 aui | |
| 852 | |a INST |b CHIOS |e 20080222 |h 880.9 ΚΑΛ |p 005200027806 |q 005200027806 |t BK |y 0 | ||
| 901 | |a BIBL2-2008-1 | ||
| 909 | |a Χ |b 146352 | ||
| 970 | |a ΑΤΣΑΛΗ |b ΔΕΣΠΟΙΝΑ |z 2008/02/22 | ||